000 00297nam a22001217a 4500
003 OSt
008 250129b |||||||| |||| 00| 0 eng d
041 _aeng
100 _aJames
_95717
245 _aSource Book for Farm Energy Alternatives
260 _aNew Delhi:
_bMcGraw Hill,
_c1983.
942 _cBK
999 _c19179
_d19179